00350nam a2200169Ia 4500003000900000008004100009040001300050040001300063041000800076100001900084245002900103250001200132260001300144260000900157300000800166490000600174IT-RoPAU120407s9999 xx 000 0 und d aIT-RoPAU cIT-RoPAU aita aJ. A. Robinson aLa morale cristiana oggi aTorino  aGribaudi c1969 c cm v1